Calculus / (Record no. 16623)
[ view plain ]
| 000 -LEADER | |
|---|---|
| fixed length control field | 00538cam a2200205 a 4500 |
| 020 ## - INTERNATIONAL STANDARD BOOK NUMBER | |
| ISBN | 007230474X (acidfree paper) |
| 020 ## - INTERNATIONAL STANDARD BOOK NUMBER | |
| ISBN | 9780072304749 (acidfree paper) |
| 020 ## - INTERNATIONAL STANDARD BOOK NUMBER | |
| ISBN | 0070592462 (v. 1) |
| 020 ## - INTERNATIONAL STANDARD BOOK NUMBER | |
| ISBN | 9780070592469 (v. 1) |
| 040 ## - CATALOGING SOURCE | |
| Transcribing agency | BRL |
| 082 ## - DEWEY DECIMAL CLASSIFICATION NUMBER | |
| Classification number | 515 HIL 2000 A109 Or. |
| 100 1# - MAIN ENTRY--AUTHOR NAME | |
| Personal name | Smith, Robert T. |
| 245 10 - TITLE STATEMENT | |
| Title | Calculus / |
| 250 ## - EDITION STATEMENT | |
| Edition statement | Premiere ed. |
| 260 ## - PUBLICATION, DISTRIBUTION, ETC. (IMPRINT) | |
| Place of publication | Boston : |
| Name of publisher | McGraw-Hill, |
| Year of publication | c2000. |
| 300 ## - PHYSICAL DESCRIPTION | |
| Number of Pages | xvi, 1115 p. : |
| Other physical details | ill. ; |
| Dimensions | 28 cm. |
| 650 #0 - SUBJECT ADDED ENTRY--TOPICAL TERM | |
| Topical Term | Calculus. |
| 700 1# - ADDED ENTRY--PERSONAL NAME | |
| Personal name | Minton, Roland B., |
| 942 ## - ADDED ENTRY ELEMENTS (KOHA) | |
| Koha item type | សៀវភៅភាសាអង់គ្លេស |
| 952 ## - LOCATION AND ITEM INFORMATION (KOHA) | |
| Withdrawn status [LOCAL, KOHA] | 0 |
| Permanent Location | Date acquired | Koha item type | Lost status | Shelving location | Barcode | Current Location | Full call number |
|---|---|---|---|---|---|---|---|
| Library Block A | 2018-03-16 | សៀវភៅភាសាអង់គ្លេស | A106 | A07639 | Library Block A | 515 HIL 2000 A106 Or. |